000
00222nam a2200097Ia 4500
008
220204s9999 xx 000 0 und d
082
_a
82-3
_b
IRV
100
_a
Irving, John
245
0
_a
World according to Garp
942
_c
BK
999
_c
32947
_d
32947